000 00996nas a2200325 4500
001 BR0505414
003 BR-BrBNA
005 20231205105722.0
007 ta
008 230509b bl.|||p| |||| 00| 00por d
040 _aBR-BrBNA
_bpor
_cBiblioteca Nacional de Agricultura
041 _a(Pt)
072 _aL01; J13
100 1 _aFigueiredo, H.M. de
100 1 _aPassos, F.J.V.
100 1 _aMoraes, C.A. de
100 1 _aPassos, F.M.L.
100 1 _aTeixeira, M.A.
245 1 _aProdução de leite não-fermentado contendo lactobacillus UFV H2b20 isolado no Brasil
650 _aPRODUÇÃO LEITEIRA
650 _aVIDA-DE-PRATELEIRA
650 _aANÁLISE QUÍMICA
650 _aREFRIGERAÇÃO
650 _aMICROBIOLOGIA DE ALIMENTO
650 _aTEMPERATURA
650 _aPH
773 0 _tBrazilian Journal of Food Technology (Brazil)
_xISSN 1519-0900
_g(Jul-Dec 2004), v. 7(2) p. 139-144
_wBR0505414
909 _a202311
_bLúcia
_c55
_dLúcia Elande
942 _2AGRIS
_n0
_cANA
999 _c184327
_d184327